000
002750000a22000970004500
100
1
_a
García Viana, Luis Fernando
245
1
0
_a
Vivir en el mundo según las cartas pastorales
300
_a
vol. 57, núm 1 (1999), Páginas 311-329
773
0
_t
Estudios Bíblicos
942
_c
ANA
999
_c
50291
_d
50291